[Event "16. Obert Int. Sant Martí 2014 Grupo B"]
[Site "Barcelona ESP"]
[Date "2014.07.13"]
[Round "1.1"]
[White "Hinarejos Montano, Andres"]
[Black "Cano Sevila, Ivan"]
[Result "0-1"]
[WhiteElo "1837"]
[BlackElo "2039"]
[PlyCount "114"]
[EventDate "2014.07.13"]
[EventType "swiss"]
[EventRounds "9"]
[EventCountry "ESP"]
[Source "lmi"]
[SourceDate "2014.07.13"]

1. f4 g6 2. Nf3 Bg7 3. e3 Nf6 4. c3 d6 5. Be2 Nbd7 6. O-O O-O 7. d3 b6 8. Nbd2
Bb7 9. e4 e5 10. Nb3 Qe8 11. h3 exf4 12. Bxf4 Nh5 13. Bh2 Nhf6 14. Nbd2 Ne5 15.
Nxe5 dxe5 16. Bg3 Nd7 17. Bg4 Nc5 18. Qc2 Rd8 19. Be2 Ba6 20. c4 Ne6 21. Rad1
Nd4 22. Qb1 Nxe2+ 23. Kh2 Nxg3 24. Kxg3 Qd7 25. Nf3 Bb7 26. Kh2 f5 27. Ng5 Qe7
28. Nf3 fxe4 29. dxe4 Rxd1 30. Rxd1 Rd8 31. Re1 c5 32. b3 Qd7 33. Re2 Bh6 34.
Qf1 Qd6 35. g3 Qd1 36. Qf2 Rf8 37. Qg2 Bxe4 38. Rxe4 Qxf3 39. Rxe5 Qxg2+ 40.
Kxg2 Kf7 41. Re2 Re8 42. Rf2+ Ke7 43. g4 Rd8 44. Re2+ Kd7 45. Re1 Re8 46. Rd1+
Kc7 47. a4 Re2+ 48. Kf1 Re3 49. Kg2 Rxb3 50. Rf1 Rb2+ 51. Kg3 Rd2 52. Rf7+ Rd7
53. Rf1 Kb7 54. Re1 Rd3+ 55. Kf2 Rxh3 56. Re4 g5 57. Re7+ Ka6 0-1

[Event "16. Obert Int. Sant Martí 2014 Grupo B"]
[Site "Barcelona ESP"]
[Date "2014.07.13"]
[Round "1.2"]
[White "Minhaz, Rashed"]
[Black "Brunet Gil, Pol"]
[Result "1-0"]
[WhiteElo "2086"]
[BlackElo "1880"]
[PlyCount "119"]
[EventDate "2014.07.13"]
[EventType "swiss"]
[EventRounds "9"]
[EventCountry "ESP"]
[Source "lmi"]
[SourceDate "2014.07.13"]

1. d4 d5 2. c4 c6 3. e3 Nf6 4. Nc3 Nbd7 5. Nf3 e6 6. Be2 Nb6 7. c5 Nbd7 8. Bd2
b6 9. b4 Be7 10. O-O O-O 11. Qc2 Qc7 12. e4 dxe4 13. Nxe4 Nd5 14. Bd3 N7f6 15.
Ne5 Bb7 16. Rfc1 Rfc8 17. a3 b5 18. Nxf7 Kxf7 19. Ng5+ Ke8 20. Nxe6 Qb8 21.
Nxg7+ Kf8 22. Bxh7 Kxg7 23. Qg6+ Kh8 24. Bh6 Bf8 25. Re1 Nxh7 26. Re6 Bxh6 27.
Qxh6 Re8 28. Rd6 Qc7 29. g4 Qg7 30. Qxg7+ Kxg7 31. h4 Rad8 32. Rxd8 Rxd8 33.
Re1 Rd7 34. Kh2 Re7 35. Rd1 Re2 36. Kg3 Re6 37. Rd3 Bc8 38. g5 Re7 39. Rb3 Rb7
40. Rd3 Bf5 41. Rd2 Bg6 42. Re2 Re7 43. Rd2 Bh5 44. Rd3 Nf8 45. f4 Re3+ 46.
Rxe3 Nxe3 47. Kf2 Nc2 48. d5 cxd5 49. f5 Bg4 50. f6+ Kg6 51. Kg3 Kf5 52. c6 Ne6
53. f7 Ncd4 54. c7 Ne2+ 55. Kf2 Nxc7 56. f8=Q+ Ke4 57. g6 Ne6 58. g7 d4 59.
Qa8+ Kd3 60. g8=Q 1-0

[Event "16. Obert Int. Sant Martí 2014 Grupo B"]
[Site "Barcelona ESP"]
[Date "2014.07.13"]
[Round "1.3"]
[White "Poyato Duran, David"]
[Black "Arroyo Vega, Valenti"]
[Result "1/2-1/2"]
[WhiteElo "1878"]
[BlackElo "2084"]
[PlyCount "37"]
[EventDate "2014.07.13"]
[EventType "swiss"]
[EventRounds "9"]
[EventCountry "ESP"]
[Source "lmi"]
[SourceDate "2014.07.13"]

1. d4 Nf6 2. c4 e6 3. Bg5 b6 4. Nc3 Bb7 5. e3 Be7 6. Nf3 d6 7. Bd3 Nbd7 8. O-O
h6 9. Bh4 g5 10. Bg3 Nh5 11. Rc1 Ndf6 12. d5 e5 13. Nd2 Nxg3 14. fxg3 O-O 15.
Nde4 Nxe4 16. Bxe4 Bc8 17. Qh5 Kg7 18. Bf5 Bxf5 19. Rxf5 1/2-1/2

[Event "16. Obert Int. Sant Martí 2014 Grupo B"]
[Site "Barcelona ESP"]
[Date "2014.07.13"]
[Round "1.4"]
[White "Cervello Tost, Roger"]
[Black "Gomez Guinovart, Josep Manel"]
[Result "1-0"]
[WhiteElo "2084"]
[BlackElo "1873"]
[PlyCount "41"]
[EventDate "2014.07.13"]
[EventType "swiss"]
[EventRounds "9"]
[EventCountry "ESP"]
[Source "lmi"]
[SourceDate "2014.07.13"]

1. e4 e6 2. d4 d5 3. Nc3 Nf6 4. e5 Nfd7 5. f4 a6 6. Nf3 c5 7. Be3 cxd4 8. Nxd4
Bb4 9. Qg4 O-O 10. Be2 Nc5 11. O-O Bxc3 12. bxc3 Ne4 13. f5 exf5 14. Nxf5 g6
15. Nh6+ Kg7 16. Qf3 Be6 17. Bd3 Ng5 18. Qf6+ Qxf6 19. exf6+ Kxh6 20. Rf4 Nh3+
21. gxh3 1-0

[Event "16. Obert Int. Sant Martí 2014 Grupo B"]
[Site "Barcelona ESP"]
[Date "2014.07.13"]
[Round "1.5"]
[White "Bernat Pascual, Magí"]
[Black "Fuertes Buisac, Bernat"]
[Result "1/2-1/2"]
[WhiteElo "1869"]
[BlackElo "2082"]
[PlyCount "73"]
[EventDate "2014.07.13"]
[EventType "swiss"]
[EventRounds "9"]
[EventCountry "ESP"]
[Source "lmi"]
[SourceDate "2014.07.13"]

1. d4 c5 2. d5 e5 3. e4 d6 4. c4 Be7 5. Nc3 Bg5 6. Nf3 Bxc1 7. Rxc1 f5 8. exf5
Bxf5 9. Bd3 Bg4 10. O-O Nf6 11. Re1 O-O 12. Re3 Nbd7 13. Qc2 h6 14. h3 Bxf3 15.
Rxf3 Qe7 16. Re1 Nh5 17. Ree3 Rxf3 18. Rxf3 Nf4 19. Ne4 Nxd3 20. Qxd3 Rf8 21.
Qe3 Rxf3 22. Qxf3 Nf6 23. Nxf6+ Qxf6 24. Qxf6 gxf6 25. Kf1 Kg7 26. Ke2 Kg6 27.
Ke3 Kg5 28. g3 h5 29. f3 f5 30. a3 f4+ 31. gxf4+ exf4+ 32. Kf2 Kf5 33. Ke2 Kg5
34. Kf2 a6 35. a4 a5 36. b3 b6 37. Kf1 1/2-1/2

[Event "16. Obert Int. Sant Martí 2014 Grupo B"]
[Site "Barcelona ESP"]
[Date "2014.07.13"]
[Round "1.7"]
[White "Navarro Pastor, Raul"]
[Black "Navarro Gutierrez, Andres Camilo"]
[Result "0-1"]
[WhiteElo "1868"]
[BlackElo "2078"]
[PlyCount "60"]
[EventDate "2014.07.13"]
[EventType "swiss"]
[EventRounds "9"]
[EventCountry "ESP"]
[Source "lmi"]
[SourceDate "2014.07.13"]

1. e4 c5 2. Nf3 e6 3. d4 cxd4 4. Nxd4 Nf6 5. Nc3 Bb4 6. Bd3 Nc6 7. Nb3 d5 8.
exd5 Bxc3+ 9. bxc3 Qxd5 10. O-O O-O 11. Bf4 b6 12. Qe2 e5 13. Rad1 e4 14. Bc4
Qf5 15. Qe3 Ne5 16. Bxe5 Qxe5 17. Nd4 Ng4 18. Qg3 Qxg3 19. hxg3 e3 20. f3 e2
21. Bxe2 Ne3 22. Bb5 Bb7 23. Rde1 Nxf1 24. Kxf1 a6 25. Re7 Bxf3 26. gxf3 axb5
27. Rb7 Rfb8 28. Rxb8+ Rxb8 29. Nxb5 Ra8 30. a3 Ra5 0-1

[Event "16. Obert Int. Sant Martí 2014 Grupo B"]
[Site "Barcelona ESP"]
[Date "2014.07.13"]
[Round "1.8"]
[White "Aprea, Daniele"]
[Black "Maltsev, Andrey"]
[Result "1-0"]
[WhiteElo "2077"]
[BlackElo "1867"]
[PlyCount "119"]
[EventDate "2014.07.13"]
[EventType "swiss"]
[EventRounds "9"]
[EventCountry "ESP"]
[Source "lmi"]
[SourceDate "2014.07.13"]

1. d4 Nf6 2. Nf3 g6 3. Bf4 Bg7 4. e3 d6 5. h3 Nbd7 6. Be2 O-O 7. O-O c6 8. c4
Qc7 9. c5 Nh5 10. cxd6 exd6 11. Bh2 f5 12. Ng5 Ndf6 13. g4 Bh6 14. Qb3+ Nd5 15.
gxh5 Bxg5 16. hxg6 hxg6 17. Nc3 Be6 18. Bc4 Qf7 19. Bxd5 cxd5 20. Bxd6 Rfd8 21.
Be5 Qh7 22. f4 Bh6 23. Rf2 Rd7 24. Rh2 g5 25. fxg5 Bxg5 26. Rg2 Qh6 27. h4 Qxh4
28. Bf6 Rg7 29. Bxg5 Rxg5 30. Qxb7 Rxg2+ 31. Kxg2 Rf8 32. Rg1 Rf7 33. Qb8+ Kh7
34. Qh2 Rg7+ 35. Kh1 Rxg1+ 36. Kxg1 Qxh2+ 37. Kxh2 Bf7 38. Kg3 Kg6 39. Kf4 Kf6
40. b4 a6 41. a4 Ke6 42. Kg5 Be8 43. b5 a5 44. Nb1 Bf7 45. Nd2 Bg8 46. Nb3 f4
47. exf4 Bh7 48. f5+ Bxf5 49. b6 Bc2 50. b7 Bxb3 51. b8=Q Bxa4 52. Qb6+ Kd7 53.
Qxa5 Bc6 54. Kf5 Kd6 55. Qb6 Kd7 56. Ke5 Ke7 57. Qxc6 Kd8 58. Qb7 Ke8 59. Kf6
Kf8 60. Qa8# 1-0

[Event "16. Obert Int. Sant Martí 2014 Grupo B"]
[Site "Barcelona ESP"]
[Date "2014.07.13"]
[Round "1.9"]
[White "Fungueiriño Pique, Daniel"]
[Black "Corominas Garrido, Jordi"]
[Result "0-1"]
[WhiteElo "1864"]
[BlackElo "2077"]
[PlyCount "78"]
[EventDate "2014.07.13"]
[EventType "swiss"]
[EventRounds "9"]
[EventCountry "ESP"]
[Source "lmi"]
[SourceDate "2014.07.13"]

1. d4 e6 2. Nf3 f5 3. g3 Nf6 4. Bg5 Be7 5. Nc3 d5 6. Bxf6 Bxf6 7. e3 b6 8. Ne2
O-O 9. Bg2 Ba6 10. Nf4 Qe7 11. Qd2 Nd7 12. Nh5 c5 13. Nxf6+ Qxf6 14. c3 Rfc8
15. O-O-O Rab8 16. h4 Bc4 17. Kb1 a5 18. b3 Ba6 19. Ng5 b5 20. Ka1 b4 21. cxb4
cxb4 22. Rc1 Nc5 23. Bf1 Bxf1 24. Rhxf1 h6 25. Nf3 Ne4 26. Rxc8+ Rxc8 27. Qe2
Qe7 28. Qa6 Qc7 29. Qd3 Qb6 30. Kb2 Rc3 31. Qd1 Qb5 32. Ne5 Kh7 33. Qh5 Rc7 34.
Qg6+ Kg8 35. Qxe6+ Kh7 36. Qg6+ Kh8 37. Rc1 Qe2+ 38. Kb1 Rxc1+ 39. Kxc1 Qd2+
0-1

[Event "16. Obert Int. Sant Martí 2014 Grupo B"]
[Site "Barcelona ESP"]
[Date "2014.07.13"]
[Round "1.10"]
[White "Andreu Termes, Frederic"]
[Black "Sanchez Viana, Jordi"]
[Result "1-0"]
[WhiteElo "2076"]
[BlackElo "1862"]
[PlyCount "77"]
[EventDate "2014.07.13"]
[EventType "swiss"]
[EventRounds "9"]
[EventCountry "ESP"]
[Source "lmi"]
[SourceDate "2014.07.13"]

1. c4 e5 2. g3 Nf6 3. Bg2 Nc6 4. Nc3 Bb4 5. Nd5 Bc5 6. e3 d6 7. Ne2 O-O 8. d3
Nxd5 9. cxd5 Ne7 10. Bd2 Bf5 11. b4 Bb6 12. Qb3 a6 13. Rc1 Qd7 14. h3 h6 15. a4
Rfc8 16. a5 Ba7 17. e4 Bg6 18. O-O f5 19. Kh2 Bh5 20. Nc3 fxe4 21. dxe4 Rf8 22.
b5 Rxf2 23. Rxf2 Bxf2 24. bxa6 bxa6 25. Nd1 Bxd1 26. Qxd1 Bc5 27. Qe2 Nc8 28.
Rf1 Na7 29. Qh5 Qe8 30. Qf5 Nb5 31. h4 Nd4 32. Qg4 Rb8 33. Bxh6 Qe7 34. Bg5 Qe8
35. Bf6 g6 36. h5 Kh7 37. hxg6+ Qxg6 38. Qd7+ Kh6 39. Bh4 1-0

[Event "16. Obert Int. Sant Martí 2014 Grupo B"]
[Site "Barcelona ESP"]
[Date "2014.07.13"]
[Round "1.11"]
[White "Mamontova, Anastasia"]
[Black "Garcia Espelta, Josep"]
[Result "0-1"]
[WhiteElo "1858"]
[BlackElo "2072"]
[PlyCount "70"]
[EventDate "2014.07.13"]
[EventType "swiss"]
[EventRounds "9"]
[EventCountry "ESP"]
[Source "lmi"]
[SourceDate "2014.07.13"]

1. e4 c5 2. Nf3 e6 3. d4 cxd4 4. Nxd4 Nc6 5. Nc3 Qc7 6. Be3 a6 7. Qd2 Nf6 8. f3
Bb4 9. Bf4 Ne5 10. Nde2 Be7 11. O-O-O b5 12. h4 b4 13. Na4 d5 14. b3 Bd6 15.
Nb2 O-O 16. h5 Bb7 17. h6 g6 18. Bg5 Ned7 19. exd5 Bxd5 20. Nf4 Qa5 21. Kb1 Be5
22. Ne2 Nc5 23. f4 Nfe4 24. Qe3 Bh8 25. Be7 Rfc8 26. Bxc5 Rxc5 27. Nd3 Rc7 28.
Ne5 Rac8 29. Rc1 Qa3 30. c4 bxc3 31. Rc2 Nd2+ 32. Ka1 Bxb3 33. Nxc3 Rxc3 34.
Qa7 R3c7 35. Bxa6 Bxc2 0-1

[Event "16. Obert Int. Sant Martí 2014 Grupo B"]
[Site "Barcelona ESP"]
[Date "2014.07.13"]
[Round "1.12"]
[White "Catarineu Rabell, Manel"]
[Black "Romeo Ros, Joaquim"]
[Result "1-0"]
[WhiteElo "2071"]
[BlackElo "1858"]
[PlyCount "43"]
[EventDate "2014.07.13"]
[EventType "swiss"]
[EventRounds "9"]
[EventCountry "ESP"]
[Source "lmi"]
[SourceDate "2014.07.13"]

1. e4 e5 2. Nf3 Nc6 3. Bb5 Nf6 4. O-O a6 5. Ba4 Be7 6. Re1 b5 7. Bb3 O-O 8. c3
d5 9. exd5 Nxd5 10. Nxe5 Nxe5 11. Rxe5 Bb7 12. d4 Bd6 13. Re2 Bxh2+ 14. Kxh2
Qh4+ 15. Kg1 Rae8 16. Bxd5 Bxd5 17. Re5 Rxe5 18. dxe5 Qe4 19. f3 Qxe5 20. Na3
Rd8 21. Nc2 Rd6 22. Qe1 1-0

[Event "16. Obert Int. Sant Martí 2014 Grupo B"]
[Site "Barcelona ESP"]
[Date "2014.07.13"]
[Round "1.13"]
[White "Pascual Gonzalez-Novelles, David"]
[Black "Jimenez Martinez, Xavier"]
[Result "0-1"]
[WhiteElo "1855"]
[BlackElo "2066"]
[PlyCount "100"]
[EventDate "2014.07.13"]
[EventType "swiss"]
[EventRounds "9"]
[EventCountry "ESP"]
[Source "lmi"]
[SourceDate "2014.07.13"]

1. e4 d6 2. Nf3 Nf6 3. d3 g6 4. b3 Bg7 5. Bb2 O-O 6. Be2 c6 7. O-O e5 8. Nbd2
Nh5 9. d4 exd4 10. Bxd4 Nf4 11. Bxg7 Kxg7 12. Nc4 b5 13. Ne3 Qe7 14. Bd3 Nd7
15. Qd2 Nxd3 16. cxd3 Bb7 17. Ng4 f6 18. h3 Ne5 19. Nfxe5 fxe5 20. Qh6+ Kg8 21.
f4 exf4 22. Rxf4 Rxf4 23. Qxf4 Rf8 24. Qe3 h5 25. Nh2 Qe5 26. Rf1 Rxf1+ 27.
Nxf1 c5 28. Qg3 Qxg3 29. Nxg3 Kf7 30. Kf2 Kf6 31. Ke3 d5 32. Ne2 dxe4 33. dxe4
Ke5 34. a3 Bxe4 35. g3 a5 36. Nc3 Bc6 37. Nb1 Bg2 38. h4 Kf5 39. Nd2 Bd5 40.
Kf2 g5 41. hxg5 Kxg5 42. Ke3 Kg4 43. Kf2 c4 44. bxc4 Bxc4 45. a4 Kf5 46. axb5
Bxb5 47. Nb3 Bc4 48. Nxa5 Bd5 49. Kg1 Kg5 50. Kf2 Kg4 0-1

[Event "16. Obert Int. Sant Martí 2014 Grupo B"]
[Site "Barcelona ESP"]
[Date "2014.07.13"]
[Round "1.14"]
[White "Cardenas, Fernando Adrian"]
[Black "Serentill Tost, Eduard"]
[Result "1-0"]
[WhiteElo "2060"]
[BlackElo "1854"]
[PlyCount "37"]
[EventDate "2014.07.13"]
[EventType "swiss"]
[EventRounds "9"]
[EventCountry "ESP"]
[Source "lmi"]
[SourceDate "2014.07.13"]

1. Nf3 Nf6 2. d4 g6 3. c4 Bg7 4. g3 O-O 5. Bg2 d6 6. Nc3 Nbd7 7. O-O e5 8. e4
b6 9. h3 Bb7 10. d5 Nc5 11. Qc2 c6 12. b4 Na6 13. Qb3 cxd5 14. cxd5 Qd7 15. Be3
Rac8 16. Nd2 Ne8 17. Rac1 Nec7 18. Nc4 Nb5 19. Nxb5 1-0

[Event "16. Obert Int. Sant Martí 2014 Grupo B"]
[Site "Barcelona ESP"]
[Date "2014.07.13"]
[Round "1.15"]
[White "Valbuena Castro, Gregorio"]
[Black "Rodriguez Llorens, Jorge"]
[Result "0-1"]
[WhiteElo "1851"]
[BlackElo "2059"]
[PlyCount "62"]
[EventDate "2014.07.13"]
[EventType "swiss"]
[EventRounds "9"]
[EventCountry "ESP"]
[Source "lmi"]
[SourceDate "2014.07.13"]

1. e4 c5 2. b4 cxb4 3. d4 d5 4. e5 Bf5 5. Bd3 Bxd3 6. Qxd3 e6 7. Nf3 Nc6 8. O-O
Nge7 9. a3 Qc7 10. axb4 Nxb4 11. Qb5+ Nbc6 12. Ba3 Nf5 13. Bxf8 Rxf8 14. Nbd2
a6 15. Qc5 Kd7 16. c3 b6 17. Qa3 h6 18. Rfb1 Rfc8 19. g4 Nfe7 20. c4 Ke8 21.
cxd5 Nxd5 22. Nc4 Kd7 23. Nd6 Rf8 24. Rc1 f6 25. Rc4 b5 26. Rc5 b4 27. Qa4 Nc3
28. Rxc3 bxc3 29. d5 exd5 30. Nd4 fxe5 31. N4f5 g6 0-1

[Event "16. Obert Int. Sant Martí 2014 Grupo B"]
[Site "Barcelona ESP"]
[Date "2014.07.13"]
[Round "1.16"]
[White "Fernandez Martin, Javier"]
[Black "Martinez Torras, Pol"]
[Result "1-0"]
[WhiteElo "2058"]
[BlackElo "1849"]
[PlyCount "71"]
[EventDate "2014.07.13"]
[EventType "swiss"]
[EventRounds "9"]
[EventCountry "ESP"]
[Source "lmi"]
[SourceDate "2014.07.13"]

1. e4 e5 2. Nc3 Nc6 3. g3 g6 4. Bg2 Bg7 5. d3 d6 6. Nge2 Nge7 7. O-O O-O 8. f4
f5 9. fxe5 dxe5 10. exf5 Bxf5 11. Bg5 Qd7 12. Qd2 Bh3 13. Bxe7 Nxe7 14. Ne4
Bxg2 15. Kxg2 b6 16. Qb4 Nf5 17. Qd2 Bh6 18. Ng5 Qd8 19. h4 Bxg5 20. hxg5 e4
21. Rf4 e3 22. Qc3 Qxg5 23. Qc4+ Rf7 24. Raf1 Raf8 25. Rg4 Qe7 26. Rxf5 Kg7 27.
Rxf7+ Rxf7 28. Rf4 Rxf4 29. Qxf4 g5 30. Qe4 Qf7 31. Qxe3 Qd5+ 32. Qe4 Qxa2 33.
Qe7+ Kg6 34. Qe4+ Kh6 35. Qe5 c5 36. g4 1-0

[Event "16. Obert Int. Sant Martí 2014 Grupo B"]
[Site "Barcelona ESP"]
[Date "2014.07.13"]
[Round "1.17"]
[White "Ferre Navarro, Joan"]
[Black "Fabregas Fontanet, Antoni"]
[Result "0-1"]
[WhiteElo "1846"]
[BlackElo "2051"]
[PlyCount "68"]
[EventDate "2014.07.13"]
[EventType "swiss"]
[EventRounds "9"]
[EventCountry "ESP"]
[Source "lmi"]
[SourceDate "2014.07.13"]

1. e4 e6 2. d4 d5 3. Nc3 Nf6 4. exd5 exd5 5. Nf3 Bg4 6. Be2 Bd6 7. Bg5 c6 8.
O-O Nbd7 9. Re1 O-O 10. a3 Qc7 11. h3 Bh5 12. Nh4 Rfe8 13. Kf1 Bg6 14. Nxg6
hxg6 15. Qd3 Ne4 16. Nxe4 dxe4 17. Qb3 Nf6 18. a4 Nd5 19. Bc4 Nb6 20. Re3 Nxc4
21. Qxc4 Kh7 22. Re2 f5 23. Rae1 Be7 24. h4 Qh2 25. f3 Bd6 26. f4 Bxf4 27. Bxf4
Qxf4+ 28. Kg1 Re7 29. Re3 Rd8 30. g3 Qg4 31. Kg2 f4 32. Rb3 e3 33. Qe2 Qxg3+
34. Kf1 f3 0-1

[Event "16. Obert Int. Sant Martí 2014 Grupo B"]
[Site "Barcelona ESP"]
[Date "2014.07.13"]
[Round "1.18"]
[White "Liarte Genoves, Sergi"]
[Black "Rius Riu, Gerard"]
[Result "1-0"]
[WhiteElo "2051"]
[BlackElo "1846"]
[PlyCount "71"]
[EventDate "2014.07.13"]
[EventType "swiss"]
[EventRounds "9"]
[EventCountry "ESP"]
[Source "lmi"]
[SourceDate "2014.07.13"]

1. e4 c5 2. Nc3 d6 3. Bc4 Nc6 4. f4 Nf6 5. d3 e6 6. Nf3 g6 7. O-O Bg7 8. Qe1
Nd7 9. f5 Nde5 10. fxe6 Bxe6 11. Bxe6 fxe6 12. Nxe5 Nxe5 13. Ne2 Nf7 14. c3 O-O
15. Qg3 Be5 16. Qh3 Qe7 17. Bf4 Bxf4 18. Nxf4 Ng5 19. Qg4 Rae8 20. h4 Nf7 21.
d4 Nh6 22. Qg3 Kh8 23. Qh3 Rf6 24. Rf2 Ref8 25. Raf1 R8f7 26. g4 Qf8 27. Nd3
Rxf2 28. Rxf2 Rxf2 29. Nxf2 Qf7 30. dxc5 dxc5 31. Qe3 Qf8 32. g5 Nf7 33. Qf4
Qe7 34. Ng4 Qd7 35. Kf2 Kg8 36. Nf6+ 1-0

[Event "16. Obert Int. Sant Martí 2014 Grupo B"]
[Site "Barcelona ESP"]
[Date "2014.07.13"]
[Round "1.19"]
[White "Gonzalez Alonso, Marti"]
[Black "Dougas Chavarria, Nestor"]
[Result "0-1"]
[WhiteElo "1844"]
[BlackElo "2050"]
[PlyCount "64"]
[EventDate "2014.07.13"]
[EventType "swiss"]
[EventRounds "9"]
[EventCountry "ESP"]
[Source "lmi"]
[SourceDate "2014.07.13"]

1. e4 c5 2. Nf3 Nc6 3. d4 cxd4 4. Nxd4 g6 5. Nc3 Bg7 6. Be3 Nf6 7. Bc4 O-O 8.
O-O d6 9. h3 Bd7 10. Qf3 Ne5 11. Qe2 Nxc4 12. Qxc4 a6 13. a4 Rc8 14. Qd3 Qc7
15. Rfc1 Qc4 16. f4 Qxd3 17. cxd3 Bc6 18. f5 Nd7 19. Nxc6 bxc6 20. fxg6 hxg6
21. d4 Rb8 22. Rab1 Rb4 23. Rd1 Rfb8 24. Rd2 c5 25. Nd5 cxd4 26. Nxe7+ Kf8 27.
Nc6 dxe3 28. Rxd6 Rxb2 29. Rxb2 Rxb2 30. Rxd7 Rb1+ 31. Kh2 Bc3 32. Rd3 e2 0-1

[Event "16. Obert Int. Sant Martí 2014 Grupo B"]
[Site "Barcelona ESP"]
[Date "2014.07.13"]
[Round "1.20"]
[White "Delgado Camara, Luis Felix"]
[Black "Tadevosyan, Galust"]
[Result "1-0"]
[WhiteElo "2047"]
[BlackElo "1843"]
[PlyCount "89"]
[EventDate "2014.07.13"]
[EventType "swiss"]
[EventRounds "9"]
[EventCountry "ESP"]
[Source "lmi"]
[SourceDate "2014.07.13"]

1. e4 e6 2. d4 d5 3. Nc3 Bb4 4. e5 c5 5. a3 Bxc3+ 6. bxc3 Ne7 7. Qg4 Kf8 8. h4
Qc7 9. Rh3 cxd4 10. cxd4 Qxc2 11. Rd3 Nbc6 12. h5 h6 13. Bd2 Nf5 14. Qf4 Qa4
15. Nf3 Bd7 16. g4 Nfe7 17. Nh4 Kg8 18. Rf3 Rf8 19. Ng6 Nxg6 20. hxg6 f5 21.
Be3 Ne7 22. Bd3 Nxg6 23. Qg3 f4 24. Bxf4 Qxd4 25. Rd1 Ba4 26. Rd2 Qa1+ 27. Ke2
Nxf4+ 28. Rxf4 Qxe5+ 29. Kf3 Rxf4+ 30. Qxf4 Qxf4+ 31. Kxf4 Kf7 32. Ke5 Rc8 33.
Rb2 b6 34. Kd4 Kf6 35. f4 Bd1 36. Rg2 Bf3 37. g5+ Kf7 38. Rg3 Be4 39. gxh6 gxh6
40. Ba6 Rc1 41. Ke5 h5 42. Rg5 Re1 43. Kd6 Bf3 44. f5 e5 45. Bc8 1-0

[Event "16. Obert Int. Sant Martí 2014 Grupo B"]
[Site "Barcelona ESP"]
[Date "2014.07.13"]
[Round "1.21"]
[White "Sanchez Coves, Joan Josep"]
[Black "Minguell Soler, Joan"]
[Result "0-1"]
[WhiteElo "1842"]
[BlackElo "2046"]
[PlyCount "96"]
[EventDate "2014.07.13"]
[EventType "swiss"]
[EventRounds "9"]
[EventCountry "ESP"]
[Source "lmi"]
[SourceDate "2014.07.13"]

1. Nf3 Nf6 2. g3 g6 3. Bg2 Bg7 4. O-O O-O 5. d3 d5 6. h3 c5 7. Re1 Nc6 8. Nbd2
Qc7 9. e4 e6 10. Nf1 d4 11. Qe2 e5 12. N1h2 h6 13. Nh4 b5 14. Ng4 Nxg4 15. hxg4
Bb7 16. f4 Rac8 17. Bf3 Na5 18. Qh2 c4 19. fxe5 Bxe5 20. Bf4 Kg7 21. Bxh6+ Kg8
22. Bf4 Rfe8 23. g5 cxd3 24. cxd3 Qc2 25. Bd2 Nc6 26. Bg4 Qxd3 27. Nf3 Rcd8 28.
Kg2 Bg7 29. Rad1 Rxe4 30. Be3 Qc2+ 31. Rd2 Qc4 32. Bf4 Rxe1 33. Nxe1 Ne5+ 34.
Bf3 Nxf3 35. Nxf3 Qd5 36. Rf2 d3 37. Kg1 Qxa2 38. Be5 Qb1+ 39. Rf1 Qc2 40. Rf2
Qc1+ 41. Rf1 Qc5+ 42. Qf2 Qxf2+ 43. Kxf2 Bxf3 44. Bxg7 Kxg7 45. Kxf3 Kf8 46.
Rh1 Ke7 47. Re1+ Kd6 48. Ke4 Re8+ 0-1

[Event "16. Obert Int. Sant Martí 2014 Grupo B"]
[Site "Barcelona ESP"]
[Date "2014.07.13"]
[Round "1.22"]
[White "Petit Montes, Marc"]
[Black "Recacha Limeres, Sergi"]
[Result "1-0"]
[WhiteElo "2040"]
[BlackElo "1839"]
[PlyCount "47"]
[EventDate "2014.07.13"]
[EventType "swiss"]
[EventRounds "9"]
[EventCountry "ESP"]
[Source "lmi"]
[SourceDate "2014.07.13"]

1. d4 Nf6 2. c4 c5 3. d5 b5 4. cxb5 a6 5. bxa6 Bxa6 6. Nc3 g6 7. g3 d6 8. Bg2
Bg7 9. Nf3 O-O 10. O-O Nbd7 11. Re1 Bb7 12. h3 Ra6 13. e4 Qa8 14. Bf1 Ne8 15.
Bxa6 Bxa6 16. Qc2 f5 17. Ng5 Nc7 18. exf5 Rxf5 19. Rxe7 Nxd5 20. Qe4 Ne5 21.
Qxd5+ Qxd5 22. Nxd5 Bc4 23. Re8+ Bf8 24. Ne7+ 1-0

[Event "16. Obert Int. Sant Martí 2014 Grupo B"]
[Site "Barcelona ESP"]
[Date "2014.07.13"]
[Round "1.23"]
[White "Corominas Garrido, Antoni"]
[Black "Molina Mañas, Miquel"]
[Result "1-0"]
[WhiteElo "2034"]
[BlackElo "1832"]
[PlyCount "110"]
[EventDate "2014.07.13"]
[EventType "swiss"]
[EventRounds "9"]
[EventCountry "ESP"]
[Source "lmi"]
[SourceDate "2014.07.13"]

1. c4 Nf6 2. Nc3 g6 3. g3 Bg7 4. Bg2 c5 5. d3 O-O 6. Nf3 d6 7. O-O Nc6 8. a3 a6
9. Rb1 Bd7 10. b4 cxb4 11. axb4 Rb8 12. b5 axb5 13. Nxb5 Ng4 14. Ba3 Nce5 15.
Nxd6 exd6 16. Bxd6 Ba4 17. Qxa4 Qxd6 18. Nxe5 Qxe5 19. Bf3 Nf6 20. Rb5 Qd4 21.
Rxb7 Rxb7 22. Bxb7 h5 23. h4 Qg4 24. Bf3 Qh3 25. Bg2 Qg4 26. Qd1 Nd7 27. Bf3
Qe6 28. e3 Ne5 29. Be2 Rd8 30. Qc2 Qh3 31. d4 Ng4 32. Bxg4 Qxg4 33. Kg2 Qe6 34.
Rd1 Rc8 35. c5 Qc6+ 36. Kg1 Bf8 37. Rb1 Qf3 38. Qd1 Qe4 39. Rb6 Qd5 40. Qb3 Qf5
41. Rb7 Ra8 42. Qb1 Qf3 43. Rb8 Rxb8 44. Qxb8 Qc6 45. Qb6 Qa8 46. c6 Qc8 47. c7
Qg4 48. Qb7 Qd1+ 49. Kg2 Kg7 50. c8=R Qg4 51. Qa8 Bd6 52. Rg8+ Kf6 53. Qf3+
Qxf3+ 54. Kxf3 Ke6 55. e4 Ke7 1-0

[Event "16. Obert Int. Sant Martí 2014 Grupo B"]
[Site "Barcelona ESP"]
[Date "2014.07.13"]
[Round "1.24"]
[White "Ramon Herraez, Alex"]
[Black "Navas Martin, Jordi"]
[Result "1/2-1/2"]
[WhiteElo "1832"]
[BlackElo "2024"]
[PlyCount "97"]
[EventDate "2014.07.13"]
[EventType "swiss"]
[EventRounds "9"]
[EventCountry "ESP"]
[Source "lmi"]
[SourceDate "2014.07.13"]

1. d4 Nf6 2. Bf4 d6 3. Nf3 c6 4. e3 Nbd7 5. Be2 g6 6. O-O Bg7 7. c3 O-O 8. Nbd2
c5 9. Nb3 Qb6 10. Qc2 Re8 11. Rfd1 e5 12. dxe5 dxe5 13. Bg3 Nh5 14. Rd2 Nxg3
15. hxg3 e4 16. Ne1 Qc7 17. Rad1 a5 18. Bb5 Re7 19. Bxd7 Bxd7 20. Nxc5 Bg4 21.
Nxe4 Bxd1 22. Rxd1 a4 23. Rc1 Qc4 24. Nd2 Qxa2 25. Nef3 a3 26. bxa3 Qxc2 27.
Rxc2 Rxa3 28. c4 Ra1+ 29. Kh2 Rc7 30. Ne4 b5 31. c5 b4 32. Nfd2 f5 33. Ng5 Rc6
34. Ngf3 Bc3 35. e4 Bxd2 36. Nxd2 g5 37. g4 Rh6+ 38. Kg3 f4+ 39. Kf3 Ra3+ 40.
Ke2 Rc6 41. f3 Re3+ 42. Kf2 b3 43. Rb2 Rxc5 44. Rxb3 Rxb3 45. Nxb3 Rc2+ 46. Kf1
Kf7 47. Nd4 Rb2 48. Nf5 Ke6 49. Kg1 1/2-1/2

[Event "16. Obert Int. Sant Martí 2014 Grupo B"]
[Site "Barcelona ESP"]
[Date "2014.07.13"]
[Round "1.25"]
[White "Garcia Ruiz, Adrian"]
[Black "Rey Plaza, Sergio"]
[Result "1-0"]
[WhiteElo "2023"]
[BlackElo "1831"]
[PlyCount "57"]
[EventDate "2014.07.13"]
[EventType "swiss"]
[EventRounds "9"]
[EventCountry "ESP"]
[Source "lmi"]
[SourceDate "2014.07.13"]

1. Nf3 Nf6 2. c4 g6 3. d4 Bg7 4. Nc3 O-O 5. e4 d6 6. Be2 e5 7. O-O Nc6 8. d5
Ne7 9. Ne1 Ne8 10. Be3 f5 11. f3 f4 12. Bf2 g5 13. c5 Nf6 14. Rc1 Ng6 15. cxd6
cxd6 16. Nb5 b6 17. Nc7 Rb8 18. Nd3 Rf7 19. Ne6 Bxe6 20. dxe6 Rc7 21. Qb3 Ne7
22. Nb4 Rxc1 23. Rxc1 Kf8 24. Nd5 Rc8 25. Rc4 h5 26. Qc2 Rxc4 27. Qxc4 Qc8 28.
Nxe7 Qxc4 29. Ng6+ 1-0